000 00219nam a2200097Ia 4500
008 170619s9999 xx 000 0 und d
100 _aMUKHI- VIJAY
245 4 _aTHE C' ODYSSEY
260 _bPEARSON EDU. DELHI
260 _c2003
546 _aENGLISH
999 _c22941
_d22941